LEADER 00762nam a2200217 i 4500 001 000000063325 003 CaOOAMICUS 005 20250729142223.0 008 080312s1931 it u000 u ita u 013 $a34497 040 $aSeMil$bita 100 1 $aDe Amicis, Edmondo,$d<1846-1908>.$0(OLS)http://semarc/name/11356 245 10$aCuore :$blibro per ragazzi /$cEdmondo De Amicis. 260 $aMilano :$bTreves,$c1931. 300 $a296 p. ;$c19 cm. 850 $aSeMil 852 $aSeMil$W1$xVenegono$y1$m1S IV 56$j29478$B29478$CSeMilBibl$Z2$F29481 $81 961 $aOmaggio: Gonella Ida 996 $6245$aCuore :$blibro per ragazzi$9(OLS)http://semarc/title/99983 996 $6260$aMilano :$bTreves$9(OLS)http://semarc/publisher/30435 LEADER 01120nam a2200253 i 4500 001 000000068843 003 CaOOAMICUS 005 20100810000000.0 008 100810s1966 it u000 u ita u 013 $a40015 040 $aSeMil$bita 245 13$aIl sogno e le civiltà umane /$cintroduzione di Vittorio Lanternari ; [scritti di G. E. von Grunebaum ... et al.]. 260 $aBari :$bLaterza,$c1966. 300 $aXXXVII, 254 p. ;$c22 cm. 490 0 $aBiblioteca di cultura moderna ;$v626 650 4$aSogno - Interpretazione.$0(OLS)http://semarc/subject/8577 650 4$aSogno - Psicologia.$0(OLS)http://semarc/subject/13612 700 1 $aGrunebaum, Gustave Edmund : von.$0(OLS)http://semarc/name/34386 700 1 $aLanternari, Vittorio.$0(OLS)http://semarc/name/8754 830 0$aBiblioteca di cultura moderna ;$v626.$0(OLS)http://semarc/title/639 850 $aSeMil 852 $aSeMil$W1$xVenegono$y1$m2O IV 129$j34996$B34996$CSeMilBibl$Z2$F34999 $81 996 $6245$aIl sogno e le civiltà umane$9(OLS)http://semarc/title/110079 996 $6260$aBari :$bLaterza$9(OLS)http://semarc/publisher/29858